00544nam a2200169 i 4500001000300000100001800003245011900021250001100140260001900151700001900170700001900189040000800208041000800216080001200224008004100236856009700277bg1 aCERTOV, A. A. 0aZadacnik po fizike s primerami resenija zdac i spravocnymi materialami /cA.A. Certov, A.A. Vorober, M.F. Fedorov. aIzd.3. aMoskva,c1973.1 aVOROBER, A. A.1 aFEDOROV, M. F. cBPK apol a53(076) s pl f |000 0 pol  uhttp://koha.tu.koszalin.pl/cgi-bin/koha/opac-detail.pl?biblionumber=7624yKatalog online BPK